Zborník sympózia o počítačovej geometrii SCG' 2013 október 2013, Kočovce : ročník 22

Bibliographic Details
Corporate Author: SCG Kočovce, Slovensko (Author)
Other Authors: Velichová, Daniela, 1951- (Editor)
Format: Conference Proceeding Book
Language:Slovak
English
PhysicalDescription:144 s. fotografie, ilustrácie, tabuľky 21 cm
Published: V Bratislave Slovenská spoločnosť pre geometriu a grafiku Slovenská technická univerzita, strojnícka fakulta [2013]
ISBN:9788022740418
Subjects:

MARC

LEADER 00000cam a2200000 a 4500
001 vtls010601887
003 SK-MaSNL
005 20260302060041.0
008 220509s2013 xo ao fr 100 0 slo
015 |a SNBA2020/11 
020 |a 9788022740418  |q (brožované) 
035 |a urn:nbn:sk:snk-am00glai 
035 |a urn:nbn:sk:snk-am3j5ns 
035 |a FE95BF66-38C6-4142-B514-8F513E32F436 
040 |a SNK  |b slo  |c SNK  |e AACR2 
041 0 |a slo  |a eng  |b eng  |b slo 
044 |a xo  |c SK 
072 7 |a 514  |x Geometria  |2 konspekt 
080 |a 514:004  |2 2001 
080 |a 004.92  |2 2001 
080 |a (062.534)  |2 2001 
080 |a 514  |2 2001 
111 2 |a SCG  |n (22 :  |d 2013 :  |c Kočovce, Slovensko)  |4 aut  |9 717203 
245 1 0 |a Zborník sympózia o počítačovej geometrii SCG' 2013  |b október 2013, Kočovce : ročník 22  |c [edited by Daniela Velichová ... et al.] 
246 3 0 |a SCG' 2013 
246 1 1 |a Proceedings of symposium on computer geometry SCG' 2013 
260 |a V Bratislave  |b Slovenská spoločnosť pre geometriu a grafiku  |b Slovenská technická univerzita, strojnícka fakulta  |c [2013] 
300 |a 144 s.  |b fotografie, ilustrácie, tabuľky  |c 21 cm 
500 |a Vyd. vo Vydavateľstve STU 
504 |a Obsahuje bibliografické odkazy a poznámky 
546 |a Súbežný názov anglicky, čiastočný text anglicky, anglické a slovenské resumé 
650 0 7 |a výpočtová geometria  |2 SNKPH  |9 113172 
650 0 7 |a počítačová grafika  |2 SNKPH  |9 1829 
650 0 7 |a Computational geometry  |2 SNKPHeng  |9 323818 
650 0 7 |a Computer graphics  |2 SNKPHeng  |9 268291 
650 0 7 |a geometria  |2 SNKPH  |9 829 
650 0 7 |a Geometry  |2 SNKPHeng  |9 268290 
655 7 |a zborníky konferencií  |2 SNKPH  |9 70153 
655 7 |a Proceedings of conferences  |2 SNKPHeng  |9 265791 
700 1 |a Velichová, Daniela,  |d 1951-  |4 edt  |9 197945 
752 |a Slovensko  |d Bratislava 
919 |a 978-80-227-4041-8 
958 |a NB 
999 |c 1119784  |d 1121714 
952 |a SNK  |b SNK  |y PREZ  |7 0  |p 17A1376327  |o snkSC 185431  |i snk2019/21599  |8 0  |0 0  |1 0  |4 0  |d 2019-08-27  |f 1  |l 0  |r 2026-02-24 18:27:55  |w 2026-02-24 
952 |a SNK  |b SNK  |y VYP  |7 0  |p 17A1376328  |o snkSC 185431 D1  |i snk2019/21600  |8 0  |0 0  |1 0  |4 0  |d 2019-08-27  |l 0  |r 2026-02-24 18:27:56  |w 2026-02-24